000 00712nam a2200253Ia 4500
003 OSt
005 20221007072212.0
006 a|||||r|||| 00| 0
007 ta
008 221006b |||||||| |||| 00| 0 eng d
024 _a39,990
037 _cTextual
040 _aFLL
_cFLL
_beng
041 _2eng
_aeng
082 _aD854:Z1, Q3
100 _aAlam S.
_9690245
245 0 _aHandbook on international environmental law
250 _a1st Pub.
260 _aLondon
_bRoutledge Teylor and Francis Group
_c2013
300 _axxx,821p
_ccm.
700 _a Bhuiyan Jahid Hossain
_9688159
942 _hD854:Z1, Q3
_cTEXL
_2CC
999 _c1145423
_d1145423